000 00480nam a2200157Ia 4500
003 GCL
008 140319s9999 xx 000 0 ara d
040 _aGCL /
_cGCL
082 0 4 _a822.008
_bه ح
100 1 _aعبدالقادر القط
245 1 0 _aالحمى الصفراء: مسرحية تاريخية /
_cعبدالقادر القط
700 1 _aكبرويف, بول دى
700 1 _aحازم على فوده
300 _a159 ص
490 _aمن ادب المسرح
_v0
999 _c47556
_d47556